• 首页
  • 本馆介绍
  • 公告通知
  • 最新文献
  • 馆藏检索
  • 电子资源
  • 读者导购
  • 参考咨询
  • 我的图书馆
  • 登录
  • 详细信息显示
  • 放入我的书架
  • 预约/预借图书
  • 作者相关作品
  • 分类相关作品
  • 丛书相关作品
  • 出版社相关作品

书目信息

  • 表格格式
  • 工作单格式
  • 卡片格式
题名:
瓦尔登湖
    
 
作者: 梭罗 著 ;文竹 译
分册:  
出版信息: 北京   中国华侨出版社  2017.02
页数: 314页
开本: 21cm
丛书名:
单 册:
中图分类: I712.64
科图分类:
主题词: 散文集--美国--近代
电子资源:
ISBN: 978-7-5113-6474-6
000 00963nam0 2200289 450
001 008872074
005 20180905171913.20
010    @a978-7-5113-6474-6@dCNY38.00
100    @a20170109d2017 em y0chiy50 ea
101 1  @achi@ceng
102    @aCN@b110000
105    @ay z 000cy
106    @ar
200 1  @a瓦尔登湖@9wa er deng hu@dWalden@f(美)亨利·戴维·梭罗著@g文竹译@zeng
210    @a北京@c中国华侨出版社@d2017.02
215    @a314页@d21cm
300    @a世界自然文学典藏
330    @a《瓦尔登湖》记录了作者隐居在瓦尔登湖畔两年零两个月的生活,和大自然相依相伴,重塑自我的奇妙旅程。这是作者对隐居生活的一次探索。
333    @a文学爱好者
500 10 @a瓦尔登湖@9wa er deng hu
510 1  @aWalden@zeng
606 0  @a散文集@y美国@z近代
690    @aI712.64@v5
701  0 @c(美)@a梭罗@9suo luo@c(Thoreau, Henry David@f1817-1862)@4著
702  0 @a文竹@9wen zhu@c(翻译)@4译
801  0 @aCN@bNLC@c20170602
905    @b1082824-28@dI712.64@e1098@f5
    
    瓦尔登湖=Walden/(美)亨利·戴维·梭罗著/文竹译.-北京:中国华侨出版社,2017.02
    314页;21cm
    世界自然文学典藏.-使用对象:文学爱好者
    
    ISBN 978-7-5113-6474-6:CNY38.00
    《瓦尔登湖》记录了作者隐居在瓦尔登湖畔两年零两个月的生活,和大自然相依相伴,重塑自我的奇妙旅程。这是作者对隐居生活的一次探索。
●
相关链接 在E读中查询图书 在五车中查询图书 在当当中查询图书 在豆瓣中查询图书


正题名:瓦尔登湖     索取号:I712.64/1098         预约/预借

序号 登录号 条形码 馆藏地/架位号 状态 备注
1 1082824   210828247   第一样本阅览室/ [索取号:I712.64/1098] 在馆    
2 1082825   210828256   教育系资料室/ [索取号:I712.64/1098] 在馆    
3 1082826   210828265   教育系资料室/ [索取号:I712.64/1098] 在馆    
4 1082827   210828274   第二借阅区/ [索取号:I712.64/1098] 在馆    
5 1082828   210828283   第二借阅区/ [索取号:I712.64/1098] 在馆    
唐山师范学院图书馆 欢迎您!
大连网信软件有限公司© 版权所有